Dinosaurs. (Record no. 657)

MARC details
000 -LEADER
fixed length control field 00927cam a2200301 4500
005 - DATE AND TIME OF LATEST TRANSACTION
control field 20260322212029.0
008 - FIXED-LENGTH DATA ELEMENTS--GENERAL INFORMATION
fixed length control field data
010 ## - LIBRARY OF CONGRESS CONTROL NUMBER
LC control number 72091418
020 ## - INTERNATIONAL STANDARD BOOK NUMBER
International Standard Book Number 087044123X
020 ## - INTERNATIONAL STANDARD BOOK NUMBER
International Standard Book Number 9780870441233
040 ## - CATALOGING SOURCE
Original cataloging agency DLC
Transcribing agency DLC
Modifying agency DLC
042 ## - AUTHENTICATION CODE
Authentication code lcac
050 00 - LIBRARY OF CONGRESS CALL NUMBER
Classification number QE862.D5
Item number J26
082 00 - DEWEY DECIMAL CLASSIFICATION NUMBER
Classification number 568/.19
092 ## - LOCALLY ASSIGNED DEWEY CALL NUMBER (OCLC)
Classification number 568 J26 1972
001 - CONTROL NUMBER
control field data
100 1# - MAIN ENTRY--PERSONAL NAME
Personal name Jackson, Kathryn,
Dates associated with a name 1907-
245 10 - TITLE STATEMENT
Title Dinosaurs.
Statement of responsibility, etc. Kathryn Jackson & Jay H. Matternes.
260 ## - PUBLICATION, DISTRIBUTION, ETC.
Place of publication, distribution, etc. [Washington]
Name of publisher, distributor, etc. National Geographic Society,
Date of publication, distribution, etc. c1972.
300 ## - PHYSICAL DESCRIPTION
Extent 31 p.
Other physical details col. illus.
Dimensions 29 cm.
440 #0 - SERIES STATEMENT/ADDED ENTRY--TITLE
Title Books for young explorers
520 ## - SUMMARY, ETC.
Summary, etc. Pictures and brief text introduce the characteristics of various dinosaurs.
650 #0 - SUBJECT ADDED ENTRY--TOPICAL TERM
Topical term or geographic name entry element Dinosaurs
General subdivision Juvenile literature.
650 #1 - SUBJECT ADDED ENTRY--TOPICAL TERM
Topical term or geographic name entry element Dinosaurs.
700 1# - ADDED ENTRY--PERSONAL NAME
Personal name Matternes, Jay H.,
Relator term illus.
906 ## - LOCAL DATA ELEMENT F, LDF (RLIN)
a 7
b cbc
c orignew
d 2
e opcn
f 19
g y-gencatlg
991 ## -
-- c-GenColl
-- QE862.D5
-- J26
-- 00050151323
-- Copy 1
-- BOOKS
Holdings
Withdrawn status Lost status Damaged status Not for loan Home library Current library Shelving location Date acquired Total checkouts Full call number Barcode Date last seen Price effective from Koha item type
        Riverside Riverside General stacks 22/03/2026   568/.19 BC0010674 22/03/2026 22/03/2026 Books